| 000 | 00454nam a2200181Ia 4500 | ||
|---|---|---|---|
| 005 | 20250603144636.0 | ||
| 008 | 250603s9999 xx 000 0 und d | ||
| 020 | _a9780195432985 | ||
| 050 | _aBF 721 .R88/ | ||
| 100 | _aRutherford, M. D. | ||
| 245 | 0 | _aChild development: perspectives in developmental psychology | |
| 260 | _aOxford | ||
| 260 | _bOxford University Press | ||
| 260 | _c2011 | ||
| 300 | _a514 p | ||
| 650 | _aOxford | ||
| 942 | _cBK | ||
| 999 |
_c39524 _d39524 |
||